Équipes-types de la Ligue des Champions : 2018 - Statistiques

Statistiques générales
  • Ce quiz a été pris 1 313 fois
  • Le résultat moyen est 15 sur 18
Statistiques - réponses
Réponse Hint % Correct
Cristiano Ronaldo Réal Madrid
97%
Keylor Navas Réal Madrid
97%
Lionel Messi FC Barcelone
97%
Luka Modric Réal Madrid
97%
Mohamed Salah Liverpool
97%
Toni Kroos Réal Madrid
96%
Sergio Ramos Réal Madrid
95%
Kevin de Bruyne Manchester City
94%
Casemiro Réal Madrid
92%
Marcelo Réal Madrid
92%
Virgil van Dijk Liverpool
92%
Raphaël Varane Réal Madrid
91%
Roberto Firmino Liverpool
88%
Joshua Kimmich Bayern Munich
85%
Giorgio Chiellini Juventus
82%
Alisson AS Roma
72%
Edin Dzeko AS Roma
62%
James Rodriguez Bayern Munich
19%
Aucun quiz correspondant
Distribution des résultats
% des personnes avec chaque résultat
Percentile par nombre de réponses
Votre historique - résultats
Vous n’avez pas pris ce quiz